Energeticko-politické smerovanie vo využívaní OZE v krajinách strednej a východnej Európy zborník z medzinárodnej vedeckej konferencie, 5.-7.12.2007, Zemplínska Šírava

Salvato in:
Dettagli Bibliografici
Ente Autore: Energeticko-politické smerovanie vo využívaní OZE v krajinách strednej a východnej Európy. Medzinárodná vedecká konferencia
Natura: Libro
Lingua:slovacco
inglese
polacco
ceco
Pubblicazione: Bratislava Ekonóm 2008
Edizione:1. vyd.
Soggetti:
Tags: Aggiungi Tag
Nessun Tag, puoi essere il primo ad aggiungerne!!

MARC

LEADER 00000nam a2200000 4500
001 0222612
005 20240311114325.3
020 |a 978-80-225-2496-4 
041 0 |a slo 
041 0 |a eng 
041 0 |a pol 
041 0 |a cze 
044 |a SK 
245 1 0 |a Energeticko-politické smerovanie vo využívaní OZE v krajinách strednej a východnej Európy  |b zborník z medzinárodnej vedeckej konferencie, 5.-7.12.2007, Zemplínska Šírava 
250 |a 1. vyd. 
264 1 |a Bratislava  |b Ekonóm  |c 2008 
300 |a 263 s. 
610 2 0 |a energetika 
610 2 0 |a zdroje energie obnoviteľné 
610 2 0 |a politika energetická 
610 2 0 |a stredná Európa 
610 2 0 |a východná Európa 
610 2 0 |a prostredie životné 
610 2 0 |a environmentalistika 
110 2 |a Energeticko-politické smerovanie vo využívaní OZE v krajinách strednej a východnej Európy. Medzinárodná vedecká konferencia